| 000 | 00625nam a2200217Ia 4500 | ||
|---|---|---|---|
| 008 | 191130s2007##################000#0#eng## | ||
| 020 | _a9780199212354 | ||
| 022 | _a2007021613 | ||
| 040 |
_aACL _cACL |
||
| 082 | _a346.4150434 BRE | ||
| 245 |
_aLandlord and tenant law _cgeneral editor, Gabriel Brennan |
||
| 250 | _a4th ed | ||
| 260 |
_aOxford _bOxford University Press _cc2007 |
||
| 300 | _axxxv, 372 p. : forms ; 30 cm | ||
| 500 | _aIncludes index | ||
| 650 | _aLandlord and tenant - Ireland | ||
| 700 | _aBrennan, Gabriel | ||
| 990 | _ab65181edac10000c1f14641bdaa25fee | ||
| 991 | _a349806 | ||
| 999 |
_c271208 _d271208 |
||